| 000 | 00984cam a2200265 i 4500 | ||
|---|---|---|---|
| 999 |
_c7564 _d7564 |
||
| 003 | OSt | ||
| 005 | 20200313115455.0 | ||
| 008 | 180112s2017 ii ab b 000 0 eng d | ||
| 020 |
_a9789385503689 _q(hardback) |
||
| 040 |
_aDKAGE _beng _erda _cDKAGE _dOCLCO _dOCLCF _dDLC |
||
| 082 | 0 | 4 |
_a333.7071054 _223 _bJAY |
| 245 | 0 | 0 |
_aEnvironmental education in India : _bthrough the ages / _cedited by Jayanta Mete & Subhankar Ghosh. |
| 250 | _aFirst edition. | ||
| 300 |
_axxv, 519 pages : _billustrations (black and white), maps (black and white) ; _c25 cm |
||
| 504 | _aIncludes bibliographical references. | ||
| 650 | 0 |
_aEnvironmental education _zIndia _xHistory. |
|
| 650 | 0 |
_aEnvironmental protection _zIndia _xHistory. |
|
| 650 | 7 |
_aEnvironmental education. _2fast |
|
| 650 | 7 |
_aEnvironmental protection. _2fast |
|
| 651 | 7 |
_aIndia. _2fast |
|
| 655 | 7 |
_aHistory. _2fast |
|
| 700 | 1 |
_aMete, Jayanta, _eeditor. |
|
| 700 | 1 |
_aGhosh, Subhankar _c(Professor of Education), _eeditor. |
|
| 942 | _2ddc | ||